Learning by doing: English 1st grade. Student`s book

Salvato in:
Dettagli Bibliografici
Autori principali: Dunne, Brendan (Autore), Newton, Robin (Autore)
Natura: Libro
Lingua:inglese
Pubblicazione: Santiago Santillana del Pacífico S. A. de Ediciones 2017
Edizione:1a. ed
Soggetti:
Tags: Aggiungi Tag
Nessun Tag, puoi essere il primo ad aggiungerne!!

MARC

LEADER 00000cam a2200000 a 4500
001 UCC4981
003 CL-VaPUC
008 180907e20170000cl |||||||||||||||||eng|d
020 |a 9789561531949 
082 0 4 |a 372.65  |b DUN  |2 21 
100 0 |a Dunne, Brendan  |e author  |9 599294 
700 0 |a Newton, Robin  |e author  |9 599295 
245 1 0 |a Learning by doing: English 1st grade. Student`s book 
250 |a 1a. ed 
300 |a 160 p 
942 |c BK 
945 |d 20180907 13:03:00  |a dcastane 
260 |a Santiago  |b Santillana del Pacífico S. A. de Ediciones  |c 2017 
650 0 |a Enseñanza del inglés  |9 367340 
650 0 |a Enseñanza de idiomas  |9 339820 
650 0 |a Educación básica   |9 224933 
583 |a last modification  |c 20180907 13:03:00  |k Rodrigo Vera 
999 |c 372361  |d 372359 
952 |0 0  |1 0  |3 erb  |4 0  |6 372_650000000000000_DUN_2017  |7 0  |8 A  |9 489973  |a BIBEDU  |b BIBEDU  |i 5499968  |o 372.65 DUN 2017  |p 5499968  |r 2019-11-24  |w 2019-11-24  |y BK  |z Catalogado en:20180907  |k EPE 
952 |0 0  |1 0  |3 erb  |4 0  |6 372_650000000000000_DUN_2017  |7 0  |8 A  |9 489974  |a BIBEDU  |b BIBEDU  |i 549995K  |l 1  |o 372.65 DUN 2017  |p 549995K  |r 2023-11-10  |s 2023-10-23  |w 2019-11-24  |y BK  |z Catalogado en:20180907  |k EPE